Регионална библиотека "Любен Каравелов" - Русе

Актуални проблеми на социалното осигуряване в НРБ (Запис номер 183179)

MARC детайли
000 -Лидер
Контролно поле с фиксирана дължина 01373nam a2200337 c 4500
003 - Код на организацията, давaща контролен номер
Контролно поле BLK
005 - Дата и час на последна редакция
Контролно поле 20241219131153.0
008 - Елементи от данни с фиксирана дължина
fixed length control field 180411b bul|||||r ||||||| ||bul||
010 ## - Наследен системен номер
LC control number KNG00192105000
040 ## - Източник на каталожния запис
Идентификатор на билиотеката - собственик на записа BLK
041 ## - Код за език
Код за езика на текст/звукозапис или на отделно заглавие Български
Код за езика КДБФ Български
080 ## - УДК
Текстов определител УДК Социално осигуряване. Застрахователно дело. Вж и 311 ; 334 ; 519
УДК код - определител по УДК 368
УДК определител (497.2)
УДК - код + определител 368(497.2)
100 ## - Редна дума - Автор
Автор Георгиев, Георги Николов
R(LIN) 373041
139 ## - Редно поле
Редна дума Георгиев, Георги Николов
Авторски знак Георгиев - Г 37
245 10 - Сведения за заглавието
Заглавие Актуални проблеми на социалното осигуряване в НРБ
Подзаглавни данни Изследване
Редно поле (дума) Георги Николов Георгиев.
257 ## - Страна на издаване
Страна на създаване/издаване България
260 ## - Област на издателските данни
-- София
Име на издателя, разпространителя и проч. Профиздат
Година на издаване 1985
Печатница Враца : печ. В. Александров
300 ## - Физическа характеристика
Страници 183 с.
Размери/Мащаб 21 см
380 ## - Жанр
Жанр Обществени науки
500 ## - Общи забележки
Забележка 1 440 тир. - Библиогр. под линия.
650 #4 - Допълнително описание по предмет – тема
Основно описание – тема или топоним Обществено осигуряване - България
9 (RLIN) 244245
651 #4 - Допълнително описание по предмет - топоним
Географско понятие България
9 (RLIN) 241624
653 ## - Ключова дума – ненормативна
Ключова дума социално осигуряване
653 ## - Ключова дума – ненормативна
Ключова дума България
852 ## - Местоположение
Форматна сигнатура Цб 139315
856 4# - Електронен адрес и достъп
Електронен формат pdf - файл
Път до файла /url/
856 4# - Електронен адрес и достъп
Електронен формат pdf - файл
Път до файла /url/
942 ## - АРТИКУЛИ
Вид на библиотечния материал Книги
Скрит в OPAC Не
944 ## - СЪЗДАВАНЕ И РЕДАКЦИЯ на ЗАПИСА
Създаване/Редакция Създаване
Дата на регистрацията/редакция 10.10.2016
Служител, извършил регистрацията/редакцията 30560
Статус, дата на статуса Геновева Генчева
944 ## - СЪЗДАВАНЕ И РЕДАКЦИЯ на ЗАПИСА
Създаване/Редакция Редакция
Дата на регистрацията/редакция 10.10.2016
Служител, извършил регистрацията/редакцията Правда_Бадева
999 ## - СИСТЕМНИ КОНТРОЛНИ НОМЕРА
Koha biblionumber 183179
Koha biblioitemnumber 183179
Наличности
Код за отписване Код за изгубен артикул Източник на класификационната схема Код за повреда Коз за рестрикции Код за отдаване Артикулен № Име на библиотеката - собственик Име на библиотеката, в която се намира в момента Статус (Текущо местоположение) Дата на вписване в системата Местоположение - отдел Цена в лева Инвентарен номер Систематично азбучна сигнатура Баркод Номер на екземпляра Цена в евро Служебна бележка Служебен тип на артикула
  Не е изгубен Universal Decimal Classification Не е повреден без рестрикции ползва се в читалня 315590 Регионална библиотека "Любен Каравелов" Русе Регионална библиотека "Любен Каравелов" Русе Хранилище 1985-01-01 Хранилище 1.30 441556 Цб 139315 120000441556 1 0.66 N: стар фонд Дата: 01.01.1985 Книги
Изтеглен Не е изгубен Universal Decimal Classification Не е повреден без рестрикции заемане за дома 315591 Регионална библиотека "Любен Каравелов" Русе Регионална библиотека "Любен Каравелов" Русе Заемна - подръчен фонд 1985-01-01 Заемна - подръчен фонд 1.30 443395 П 36/Г 37 443395 2 0.66 N: стар фонд Дата: 01.01.1985 Книги
Изтеглен Не е изгубен Universal Decimal Classification Не е повреден без рестрикции заемане за дома 315592 Регионална библиотека "Любен Каравелов" Русе Регионална библиотека "Любен Каравелов" Русе Заемна - подръчен фонд 1985-01-01 Заемна - подръчен фонд 1.30 443396 П 36/Г 37 443396 3 0.66 N: стар фонд Дата: 01.01.1985 Книги
Vip Innovations Ltd, Rousse, Bulgaria 2025